Temptation of the "Powerful": The politics of electoral reform in Central Europe in post-transitional period

Procesy volebných reforiem vo vybraných post-komunistických krajinách strednej Európy (Česko, Maďarsko, Slovensko a Slovinsko) v post-tranzitívnom období. Štúdium volieb a politika volebnej reformy v Strednej Európe: definícia volebnej reformy, dve vlny politík reformy volebného systému, volebné ref...

Description complète

Enregistré dans:
Détails bibliographiques
Auteur principal: Charvát, Jakub
Format: Chapitre de livre
Langue:anglais
Sujets:
Tags: Ajouter un tag
Pas de tags, Soyez le premier à ajouter un tag!

MARC

LEADER 00000naa a2200000 4500
001 0229171
005 20221019172903.6
041 0 |a eng 
044 |a SK 
245 1 0 |a Temptation of the "Powerful": The politics of electoral reform in Central Europe in post-transitional period  |c Jakub Charvát 
520 |a Procesy volebných reforiem vo vybraných post-komunistických krajinách strednej Európy (Česko, Maďarsko, Slovensko a Slovinsko) v post-tranzitívnom období. Štúdium volieb a politika volebnej reformy v Strednej Európe: definícia volebnej reformy, dve vlny politík reformy volebného systému, volebné reformy ako pokušenie mocných, politické dôsledky volebných reforiem. 
610 2 0 |a politika 
610 2 0 |a voľby 
610 2 0 |a reformy 
610 2 0 |a vývoj politický 
610 2 0 |a stredná Európa 
610 2 0 |a Česko 
610 2 0 |a Slovensko 
610 2 0 |a Maďarsko 
610 2 0 |a Slovinsko 
100 1 |a Charvát, Jakub